Music Quiz

Random Music or Artist Quiz
Score 0/108 Timer 20:00
0 Plays Today
Hint Answer % Correct
Michael JacksonBillie Jean
80%
QueenBohemian Rhapsody
72%
ABBADancing Queen
68%
Michael JacksonBeat It
66%
Justin BieberBaby
66%
Whitney HoustonI Will Always Love You
66%
Dolly PartonI Will Always Love You
66%
The Bee GeesStayin' Alive
64%
Ed SheeranShape of You
62%
CherBelieve
62%
RihannaStay
62%
The BeatlesHey Jude
62%
Elvis PresleyJailhouse Rock
60%
Stevie WonderSuperstition
60%
MadonnaLike a Prayer
58%
OasisWonderwall
58%
David BowieSpace Oddity
56%
Elton JohnYour Song
52%
Elvis PresleyHound Dog
52%
Neil DiamondSweet Caroline
52%
The BeatlesLet It Be
52%
QueenWe Will Rock You
52%
David BowieHeroes
50%
AC/DCHighway to Hell
50%
Wham!Wake Me Up Before You Go-Go
50%
BeyoncéCrazy in Love
48%
RihannaUmbrella
48%
Dolly Parton9 to 5
48%
The Bee GeesHow Deep Is Your Love
48%
Wham!Last Christmas
48%
Dolly PartonJolene
46%
The Bee GeesNight Fever
46%
David BowieStarman
44%
AC/DCBack In Black
44%
QueenAnother One Bites the Dust
42%
Elvis PresleySuspicious Minds
40%
Hint Answer % Correct
ABBAMamma Mia
40%
BeyoncéSingle Ladies
38%
AC/DCThunderstruck
38%
OasisDon't Look Back in Anger
38%
Michael JacksonMan in the Mirror
36%
Elton JohnI'm Still Standing
36%
CherFernando
36%
QueenDon't Stop Me Now
36%
AC/DCYou Shook Me All Night Long
36%
Stevie WonderI Just Called To Say I Love You
34%
Stevie WonderIsn't She Lovely
34%
Ed SheeranPerfect
34%
Ariana GrandeThank U, Next
34%
Whitney HoustonI Wanna Dance with Somebody (Who Loves Me)
34%
David BowieLife on Mars?
30%
Elton JohnTiny Dancer
30%
RihannaDiamonds
30%
Tina TurnerWhat's Love Got to Do with It
30%
OasisChampagne Supernova
30%
BeyoncéHalo
28%
ABBAThe Winner Takes It All
28%
Bob DylanTangled Up in Blue
26%
The BeatlesSomething
26%
Tina TurnerThe Best
24%
The BeatlesHere Comes the Sun
24%
Take ThatBack for Good
24%
Michael JacksonEarth Song
22%
Justin BieberWhat Do You Mean?
22%
Whitney HoustonGreatest Love of All
22%
Justin BieberLove Yourself
20%
Neil DiamondCracklin' Rosie
20%
Diana RossI'm Coming Out
20%
Dolly PartonIslands in the Stream
20%
Elvis PresleyCan't Help Falling In Love
18%
Bob DylanHurricane
18%
Neil DiamondI Am... I Said
18%
Hint Answer % Correct
MadonnaHung Up
18%
Ariana Grande7 Rings
18%
Ed SheeranI Don't Care
16%
Justin BieberI Don't Care
16%
Diana RossEndless Love
16%
MadonnaLa Isla Bonita
16%
RihannaWe Found Love
16%
Ariana GrandeBang Bang
16%
Tina TurnerProud Mary
16%
Tina TurnerWe Don't Need Another Hero (Thunderdome)
16%
ABBAChiquitita
16%
Take ThatPatience
16%
Wham!Everything She Wants
16%
Stevie WonderI Wish
14%
Ed SheeranBeautiful People
14%
Neil DiamondSong Sung Blue
14%
Wham!Club Tropicana
14%
Elton JohnSacrifice
12%
Bob DylanDon't Think Twice, It's All Right
12%
Bob DylanA Hard Rain's a-Gonna Fall
12%
Ariana GrandeBreak Up with Your Girlfriend, I'm Bored
12%
Take ThatThe Flood
12%
WestlifeIf I Let You Go
12%
BeyoncéSpirit
10%
Take ThatRule the World
10%
WestlifeMy Love
10%
CherJust Like Jesse James
8%
MadonnaMedellín
8%
Whitney HoustonI Have Nothing
8%
Diana RossWhen You Tell Me That You Love Me
6%
The Bee GeesTo Love Somebody
6%
WestlifeI Lay My Love on You
6%
CherStrong Enough
4%
Diana RossIf We Hold on Together
4%
WestlifeI Wanna Grow Old With You
4%
OasisStop Crying Your Heart Out
4%

You're not logged in!

Compare scores with friends on all Sporcle quizzes.
OR
Log In

Sporcle TV

Today on Sporcle TV


Watch our educational content, quiz creation guides, and fun videos on Sporcle TV.

Show Comments

Extras

Top Quizzes Today


Score Distribution

Paid Content

Your Account Isn't Verified!

In order to create a playlist on Sporcle, you need to verify the email address you used during registration. Go to your Sporcle Settings to finish the process.

Report this User

Report this user for behavior that violates our Community Guidelines.

Details: